[Event "CECLUB Segunda División"]
[Site "Linares"]
[Date "2017.08.10"]
[Round "4"]
[White "Castella Garcia, Fausto"]
[Black "Valles Moreno, Ivan"]
[Result "1-0"]
[Board "1"]
[WhiteTitle "FM"]
[WhiteElo "2308"]
[WhiteCountry "ESP"]
[WhiteFideId "3501922"]
[WhiteEloChange "14"]
[BlackTitle "IM"]
[BlackElo "2435"]
[BlackCountry "ESP"]
[BlackFideId "2205688"]
[BlackEloChange "-7"]

1. e4 {[%clk 1:31:00]} c5 {[%clk 1:30:04]} 2. Nf3 {[%clk 1:31:18]} e6 {[%clk
1:30:26]} 3. Nc3 {[%clk 1:31:39]} a6 {[%clk 1:30:44]} 4. d4 {[%clk 1:31:56]} cxd4
{[%clk 1:31:07]} 5. Nxd4 {[%clk 1:32:20]} b5 {[%clk 1:31:30]} 6. Be2 {[%clk
1:31:42]} Bb7 {[%clk 1:29:48]} 7. O-O {[%clk 1:32:04]} Ne7 {[%clk 1:27:07]} 8. a3
{[%clk 1:15:46]} Nbc6 {[%clk 1:15:15]} 9. Nb3 {[%clk 1:13:58]} Ng6 {[%clk
1:13:11]} 10. Be3 {[%clk 1:12:00]} Be7 {[%clk 1:12:27]} 11. Nc5 {[%clk 1:04:11]}
Bc8 {[%clk 1:12:15]} 12. Qd2 {[%clk 0:55:20]} O-O {[%clk 1:06:21]} 13. f4 {[%clk
0:54:50]} Qc7 {[%clk 1:01:08]} 14. b4 {[%clk 0:42:16]} d6 {[%clk 0:53:43]} 15.
Nb3 {[%clk 0:34:09]} Rb8 {[%clk 0:44:33]} 16. Rad1 {[%clk 0:25:48]} Rd8 {[%clk
0:43:12]} 17. Bd3 {[%clk 0:22:47]} Bd7 {[%clk 0:40:38]} 18. Ne2 {[%clk 0:20:46]}
Be8 {[%clk 0:32:59]} 19. Nbd4 {[%clk 0:19:23]} Nxd4 {[%clk 0:31:54]} 20. Nxd4
{[%clk 0:18:34]} e5 {[%clk 0:31:22]} 21. Ne2 {[%clk 0:14:30]} f6 {[%clk 0:28:42]}
22. f5 {[%clk 0:14:13]} Nh8 {[%clk 0:28:17]} 23. Rc1 {[%clk 0:13:51]} Bf7 {[%clk
0:28:40]} 24. Nc3 {[%clk 0:12:18]} Rdc8 {[%clk 0:28:16]} 25. Nd5 {[%clk 0:12:39]}
Bxd5 {[%clk 0:28:36]} 26. exd5 {[%clk 0:13:07]} Qc3 {[%clk 0:28:54]} 27. Qxc3
{[%clk 0:13:00]} Rxc3 {[%clk 0:29:17]} 28. Bd2 {[%clk 0:12:24]} Rcc8 {[%clk
0:26:28]} 29. c4 {[%clk 0:12:02]} e4 {[%clk 0:24:02]} 30. Be2 {[%clk 0:11:40]}
Nf7 {[%clk 0:22:16]} 31. cxb5 {[%clk 0:11:46]} Rxc1 {[%clk 0:22:24]} 32. Rxc1
{[%clk 0:11:58]} axb5 {[%clk 0:22:49]} 33. Kf2 {[%clk 0:10:40]} g6 {[%clk
0:21:30]} 34. g4 {[%clk 0:10:55]} Bf8 {[%clk 0:13:54]} 35. Be3 {[%clk 0:09:03]}
Ne5 {[%clk 0:13:59]} 36. Rc7 {[%clk 0:08:42]} Ra8 {[%clk 0:12:40]} 37. Ba7 {[%clk
0:08:51]} Bh6 {[%clk 0:12:30]} 38. Bxb5 {[%clk 0:08:56]} Nxg4+ {[%clk 0:11:24]}
39. Ke2 {[%clk 0:09:20]} gxf5 {[%clk 0:04:57]} 40. Bd7 {[%clk 0:08:58]} Be3
{[%clk 0:02:03]} 41. Bxe3 {[%clk 0:08:54]} Rxa3 {[%clk 0:02:29]} 42. Be6+ {[%clk
0:08:49]} Kf8 {[%clk 0:01:56]} 43. Bf4 {[%clk 0:05:36]} Ra2+ {[%clk 0:02:09]} 44.
Ke1 {[%clk 0:05:35]} Ne5 {[%clk 0:00:45]} 45. Bh6+ {[%clk 0:04:55]} 1-0

[Event "CECLUB Segunda División"]
[Site "Linares"]
[Date "2017.08.10"]
[Round "4"]
[White "Perez Gonzalez, Jose Manuel"]
[Black "Serarols Mabras, Bernat"]
[Result "1/2-1/2"]
[Board "2"]
[WhiteTitle "FM"]
[WhiteElo "2314"]
[WhiteCountry "ESP"]
[WhiteFideId "2229277"]
[WhiteEloChange "-3"]
[BlackTitle "FM"]
[BlackElo "2218"]
[BlackCountry "ESP"]
[BlackFideId "2238276"]
[BlackEloChange "3"]

1. e4 {[%clk 1:30:57]} c6 {[%clk 1:30:51]} 2. d4 {[%clk 1:31:05]} d5 {[%clk
1:31:12]} 3. Nd2 {[%clk 1:31:21]} dxe4 {[%clk 1:31:28]} 4. Nxe4 {[%clk 1:31:46]}
Bf5 {[%clk 1:31:48]} 5. Ng3 {[%clk 1:32:11]} Bg6 {[%clk 1:32:12]} 6. h4 {[%clk
1:32:36]} h6 {[%clk 1:32:35]} 7. Nf3 {[%clk 1:33:02]} e6 {[%clk 1:32:04]} 8. Ne5
{[%clk 1:33:01]} Bh7 {[%clk 1:32:33]} 9. Bd3 {[%clk 1:33:07]} Bxd3 {[%clk
1:31:26]} 10. Qxd3 {[%clk 1:33:31]} Nd7 {[%clk 1:31:29]} 11. f4 {[%clk 1:33:03]}
Nxe5 {[%clk 1:31:57]} 12. fxe5 {[%clk 1:33:16]} Be7 {[%clk 1:32:01]} 13. Qe4
{[%clk 1:26:09]} Qd5 {[%clk 1:27:28]} 14. Be3 {[%clk 1:23:33]} Qxe4 {[%clk
1:13:30]} 15. Nxe4 {[%clk 1:23:56]} f5 {[%clk 1:13:50]} 16. Nf2 {[%clk 1:15:33]}
h5 {[%clk 1:05:25]} 17. g3 {[%clk 1:07:38]} Nh6 {[%clk 1:02:04]} 18. Bxh6 {[%clk
1:07:55]} Rxh6 {[%clk 1:02:14]} 19. Nh3 {[%clk 1:08:07]} Kf7 {[%clk 1:01:15]} 20.
Kf2 {[%clk 1:04:04]} Rg8 {[%clk 0:56:24]} 21. Rh2 {[%clk 0:54:01]} g5 {[%clk
0:40:30]} 22. hxg5 {[%clk 0:53:43]} Bxg5 {[%clk 0:40:17]} 23. Rah1 {[%clk
0:53:35]} Kg6 {[%clk 0:38:16]} 24. Kf3 {[%clk 0:51:59]} Rh7 {[%clk 0:34:04]} 25.
c3 {[%clk 0:47:14]} Rf8 {[%clk 0:32:14]} 26. Nf4+ {[%clk 0:41:12]} Bxf4 {[%clk
0:32:36]} 27. gxf4 {[%clk 0:41:39]} Rg8 {[%clk 0:26:50]} 28. Rh4 {[%clk 0:41:34]}
Rgg7 {[%clk 0:25:12]} 29. R1h2 {[%clk 0:41:32]} b6 {[%clk 0:17:29]} 30. Rh1
{[%clk 0:35:26]} Rg8 {[%clk 0:17:27]} 31. R1h2 {[%clk 0:31:58]} Rgg7 {[%clk
0:17:49]} 32. Rh1 {[%clk 0:29:19]} Rg8 {[%clk 0:18:10]} 1/2-1/2

[Event "CECLUB Segunda División"]
[Site "Linares"]
[Date "2017.08.10"]
[Round "4"]
[White "Bas Mas, Miguel"]
[Black "Martin Rueda, Daniel"]
[Result "1-0"]
[Board "3"]
[WhiteElo "2236"]
[WhiteCountry "ESP"]
[WhiteFideId "2237954"]
[WhiteEloChange "12"]
[BlackTitle "FM"]
[BlackElo "2310"]
[BlackCountry "ESP"]
[BlackFideId "2226847"]
[BlackEloChange "-12"]

1. e4 {[%clk 1:30:56]} c5 {[%clk 1:30:48]} 2. Nc3 {[%clk 1:30:57]} Nc6 {[%clk
1:30:10]} 3. Bb5 {[%clk 1:30:56]} g6 {[%clk 1:20:29]} 4. f4 {[%clk 1:28:41]} Nd4
{[%clk 1:17:01]} 5. Nf3 {[%clk 1:28:27]} Bg7 {[%clk 1:16:24]} 6. O-O {[%clk
1:25:46]} Nxb5 {[%clk 1:05:57]} 7. Nxb5 {[%clk 1:25:53]} d6 {[%clk 1:06:01]} 8.
Nc3 {[%clk 1:24:43]} Bg4 {[%clk 1:02:32]} 9. d3 {[%clk 1:24:47]} Nf6 {[%clk
0:49:05]} 10. Qe1 {[%clk 1:24:20]} Bxf3 {[%clk 0:40:50]} 11. Rxf3 {[%clk
1:24:45]} Nd7 {[%clk 0:41:08]} 12. Kh1 {[%clk 1:20:52]} e6 {[%clk 0:38:39]} 13.
Bd2 {[%clk 1:15:37]} a6 {[%clk 0:34:13]} 14. Qg3 {[%clk 1:03:11]} Qe7 {[%clk
0:31:16]} 15. f5 {[%clk 1:00:13]} Be5 {[%clk 0:23:51]} 16. Qh3 {[%clk 0:50:04]}
O-O-O {[%clk 0:23:50]} 17. Bh6 {[%clk 0:46:43]} gxf5 {[%clk 0:14:53]} 18. exf5
{[%clk 0:46:18]} Rhg8 {[%clk 0:12:19]} 19. Raf1 {[%clk 0:44:12]} Kb8 {[%clk
0:07:25]} 20. Ne4 {[%clk 0:40:20]} d5 {[%clk 0:06:54]} 21. f6 {[%clk 0:39:27]}
Qe8 {[%clk 0:07:19]} 22. Ng5 {[%clk 0:39:34]} Rg6 {[%clk 0:06:42]} 23. Nxh7
{[%clk 0:38:17]} Bxb2 {[%clk 0:06:59]} 24. Rg3 {[%clk 0:35:04]} Qg8 {[%clk
0:05:38]} 25. Bg7 {[%clk 0:35:31]} Rxg3 {[%clk 0:06:01]} 26. Qxg3+ {[%clk
0:35:58]} Be5 {[%clk 0:06:24]} 27. Qh4 {[%clk 0:36:19]} Bd6 {[%clk 0:04:24]} 28.
Qh5 {[%clk 0:34:34]} Ne5 {[%clk 0:03:40]} 29. Ng5 {[%clk 0:34:02]} Rd7 {[%clk
0:03:44]} 30. Qh7 {[%clk 0:28:32]} Qxh7 {[%clk 0:04:05]} 31. Nxh7 {[%clk
0:29:00]} Ng4 {[%clk 0:04:23]} 32. h4 {[%clk 0:28:27]} Ne3 {[%clk 0:04:39]} 33.
Rf3 {[%clk 0:28:11]} Nf5 {[%clk 0:03:14]} 34. h5 {[%clk 0:27:55]} Rd8 {[%clk
0:01:50]} 35. g4 {[%clk 0:26:09]} Nd4 {[%clk 0:00:59]} 36. Rh3 {[%clk 0:22:38]}
Bf4 {[%clk 0:01:25]} 37. h6 {[%clk 0:21:30]} Nxc2 {[%clk 0:01:30]} 38. Nf8 {[%clk
0:07:18]} Bxh6 {[%clk 0:01:55]} 39. Bxh6 {[%clk 0:07:21]} e5 {[%clk 0:00:56]} 40.
Ng6 {[%clk 0:06:08]} e4 {[%clk 0:00:48]} 41. dxe4 {[%clk 0:05:04]} d4 {[%clk
0:00:35]} 42. Ne5 {[%clk 0:05:14]} Re8 {[%clk 0:00:37]} 43. Nxf7 {[%clk 0:05:04]}
Rxe4 {[%clk 0:00:53]} 44. Ne5 {[%clk 0:05:10]} Re1+ {[%clk 0:00:37]} 45. Kh2
{[%clk 0:04:53]} Re2+ {[%clk 0:00:34]} 46. Kg3 {[%clk 0:04:56]} Ne3 {[%clk
0:00:38]} 47. f7 {[%clk 0:04:50]} 1-0

[Event "CECLUB Segunda División"]
[Site "Linares"]
[Date "2017.08.10"]
[Round "4"]
[White "Paredes Sanchez, Juan"]
[Black "Jimenez Mompo, Candido"]
[Result "0-1"]
[Board "4"]
[WhiteElo "2169"]
[WhiteCountry "ESP"]
[WhiteFideId "2253500"]
[WhiteEloChange "-15"]
[BlackElo "1993"]
[BlackCountry "ESP"]
[BlackFideId "22250140"]
[BlackEloChange "15"]

1. e4 {[%clk 1:30:55]} c5 {[%clk 1:30:53]} 2. d3 {[%clk 1:31:12]} Nc6 {[%clk
1:30:17]} 3. f4 {[%clk 1:31:13]} d6 {[%clk 1:29:22]} 4. Nf3 {[%clk 1:30:54]} g6
{[%clk 1:29:14]} 5. Be2 {[%clk 1:31:02]} Bg7 {[%clk 1:29:40]} 6. O-O {[%clk
1:31:12]} Nf6 {[%clk 1:29:03]} 7. Qe1 {[%clk 1:30:57]} Nd4 {[%clk 1:27:57]} 8.
Nxd4 {[%clk 1:28:55]} cxd4 {[%clk 1:28:24]} 9. Qh4 {[%clk 1:24:54]} Bd7 {[%clk
1:16:13]} 10. Nd2 {[%clk 1:22:09]} Rc8 {[%clk 1:14:42]} 11. Bd1 {[%clk 1:21:30]}
Ba4 {[%clk 1:07:51]} 12. b3 {[%clk 1:15:55]} Bd7 {[%clk 1:08:09]} 13. h3 {[%clk
1:13:47]} Qa5 {[%clk 0:55:04]} 14. Nc4 {[%clk 0:23:18]} Qc7 {[%clk 0:36:50]} 15.
e5 {[%clk 0:21:46]} dxe5 {[%clk 0:28:58]} 16. fxe5 {[%clk 0:22:01]} Nd5 {[%clk
0:29:20]} 17. Qxd4 {[%clk 0:21:27]} Be6 {[%clk 0:28:40]} 18. a4 {[%clk 0:15:30]}
b6 {[%clk 0:26:26]} 19. Bd2 {[%clk 0:14:09]} O-O {[%clk 0:25:29]} 20. Qe4 {[%clk
0:11:58]} a6 {[%clk 0:25:18]} 21. d4 {[%clk 0:11:03]} b5 {[%clk 0:24:35]} 22.
axb5 {[%clk 0:10:33]} axb5 {[%clk 0:24:49]} 23. Na3 {[%clk 0:10:26]} b4 {[%clk
0:15:47]} 24. Nc4 {[%clk 0:10:09]} Rfd8 {[%clk 0:14:41]} 25. Bg4 {[%clk 0:07:39]}
Qd7 {[%clk 0:07:43]} 26. Bxe6 {[%clk 0:07:59]} Qxe6 {[%clk 0:08:06]} 27. Ra4
{[%clk 0:06:22]} Rb8 {[%clk 0:04:27]} 28. Rfa1 {[%clk 0:06:43]} Qf5 {[%clk
0:03:18]} 29. Qxf5 {[%clk 0:06:45]} gxf5 {[%clk 0:03:43]} 30. Rf1 {[%clk
0:06:25]} e6 {[%clk 0:02:17]} 31. Ra7 {[%clk 0:05:46]} Ra8 {[%clk 0:01:32]} 32.
Rfa1 {[%clk 0:05:50]} Rxa7 {[%clk 0:01:59]} 33. Rxa7 {[%clk 0:06:16]} Nc3 {[%clk
0:00:51]} 34. Bxc3 {[%clk 0:06:23]} bxc3 {[%clk 0:01:15]} 35. Nd6 {[%clk
0:05:02]} f6 {[%clk 0:01:34]} 36. exf6 {[%clk 0:03:49]} Bxf6 {[%clk 0:01:57]} 37.
Nb5 {[%clk 0:03:38]} Rb8 {[%clk 0:01:21]} 38. Ra5 {[%clk 0:02:02]} Bd8 {[%clk
0:01:44]} 39. Ra6 {[%clk 0:02:07]} Rxb5 {[%clk 0:01:43]} 40. Rxe6 {[%clk
0:02:35]} Kf7 {[%clk 0:01:37]} 41. Rc6 {[%clk 0:02:08]} Bf6 {[%clk 0:01:44]} 42.
Rc7+ {[%clk 0:01:48]} Kg6 {[%clk 0:01:59]} 43. Rc6 {[%clk 0:02:11]} Kf7 {[%clk
0:01:02]} 44. Rc7+ {[%clk 0:02:40]} Ke6 {[%clk 0:01:06]} 45. Rc6+ {[%clk
0:03:09]} Ke7 {[%clk 0:01:05]} 46. Rc7+ {[%clk 0:03:27]} Kd6 {[%clk 0:01:22]} 47.
Rxh7 {[%clk 0:03:49]} Bxd4+ {[%clk 0:01:38]} 48. Kf1 {[%clk 0:03:55]} Rxb3 {[%clk
0:00:59]} 49. Rh6+ {[%clk 0:04:24]} Kd5 {[%clk 0:01:10]} 50. Ke2 {[%clk 0:02:37]}
Rb1 {[%clk 0:01:00]} 51. Rh5 {[%clk 0:02:44]} Ke4 {[%clk 0:00:49]} 52. Rh4+
{[%clk 0:03:13]} Ke5 {[%clk 0:01:18]} 53. Rh5 {[%clk 0:03:20]} Rc1 {[%clk
0:00:46]} 54. Kd3 {[%clk 0:02:48]} Rd1+ {[%clk 0:01:03]} 55. Kc4 {[%clk 0:02:47]}
Ke4 {[%clk 0:00:41]} 56. Rh4+ {[%clk 0:02:38]} Ke3 {[%clk 0:00:49]} 57. Rh7
{[%clk 0:02:10]} Be5 {[%clk 0:00:43]} 58. Re7 {[%clk 0:01:23]} Ke4 {[%clk
0:00:50]} 59. Re8 {[%clk 0:01:14]} Rd2 {[%clk 0:01:02]} 60. g4 {[%clk 0:01:11]}
fxg4 {[%clk 0:01:21]} 61. hxg4 {[%clk 0:01:35]} Rxc2 {[%clk 0:01:37]} 62. Kc5
{[%clk 0:01:43]} 0-1

[Event "CECLUB Segunda División"]
[Site "Linares"]
[Date "2017.08.10"]
[Round "4"]
[White "Fernandez Barrera, Victor"]
[Black "Kurajica, Bojan"]
[Result "1/2-1/2"]
[Board "1"]
[WhiteTitle "FM"]
[WhiteElo "2302"]
[WhiteCountry "ESP"]
[WhiteFideId "2261529"]
[WhiteEloChange "6"]
[BlackTitle "GM"]
[BlackElo "2525"]
[BlackCountry "BIH"]
[BlackFideId "14400057"]
[BlackEloChange "-3"]

1. e4 {[%clk 1:30:58]} c5 {[%clk 1:28:37]} 2. Nf3 {[%clk 1:31:22]} Nc6 {[%clk
1:29:02]} 3. d4 {[%clk 1:31:47]} cxd4 {[%clk 1:29:28]} 4. Nxd4 {[%clk 1:32:10]}
Qb6 {[%clk 1:29:52]} 5. Nb3 {[%clk 1:32:30]} Nf6 {[%clk 1:30:12]} 6. Nc3 {[%clk
1:32:54]} e6 {[%clk 1:30:39]} 7. Bd3 {[%clk 1:33:06]} Be7 {[%clk 1:30:18]} 8. O-O
{[%clk 1:33:14]} O-O {[%clk 1:30:43]} 9. Be3 {[%clk 1:33:33]} Qc7 {[%clk
1:31:08]} 10. f4 {[%clk 1:33:40]} a6 {[%clk 1:31:11]} 11. e5 {[%clk 1:29:21]} Ne8
{[%clk 1:31:35]} 12. Na4 {[%clk 1:25:16]} Nb4 {[%clk 1:30:07]} 13. Nb6 {[%clk
1:19:30]} Rb8 {[%clk 1:30:26]} 14. a3 {[%clk 1:16:44]} Nxd3 {[%clk 1:30:48]} 15.
cxd3 {[%clk 1:17:08]} d6 {[%clk 1:28:38]} 16. Rc1 {[%clk 1:16:48]} Qd8 {[%clk
1:29:03]} 17. Qc2 {[%clk 1:09:39]} Bd7 {[%clk 1:29:26]} 18. Nxd7 {[%clk 1:08:38]}
Qxd7 {[%clk 1:29:49]} 19. d4 {[%clk 1:06:49]} Bd8 {[%clk 1:27:55]} 20. f5 {[%clk
0:58:42]} exf5 {[%clk 1:27:45]} 21. Qxf5 {[%clk 0:58:44]} Qxf5 {[%clk 1:05:34]}
22. Rxf5 {[%clk 0:59:03]} Bb6 {[%clk 1:05:39]} 23. exd6 {[%clk 0:53:53]} Nxd6
{[%clk 1:05:54]} 24. Rd5 {[%clk 0:54:17]} Rbd8 {[%clk 1:04:36]} 25. Nc5 {[%clk
0:53:11]} Rfe8 {[%clk 1:01:30]} 26. Bf2 {[%clk 0:50:50]} f6 {[%clk 0:52:43]} 27.
Re1 {[%clk 0:43:55]} Rxe1+ {[%clk 0:41:47]} 28. Bxe1 {[%clk 0:44:16]} Nf7 {[%clk
0:41:40]} 29. Rxd8+ {[%clk 0:36:37]} Nxd8 {[%clk 0:42:06]} 30. Kf2 {[%clk
0:36:54]} Kf7 {[%clk 0:40:39]} 31. Ke3 {[%clk 0:36:03]} 1/2-1/2

[Event "CECLUB Segunda División"]
[Site "Linares"]
[Date "2017.08.10"]
[Round "4"]
[White "Barlov, Dragan"]
[Black "Buendia Pinar, Alvaro"]
[Result "1/2-1/2"]
[Board "2"]
[WhiteTitle "GM"]
[WhiteElo "2425"]
[WhiteCountry "SRB"]
[WhiteFideId "900214"]
[WhiteEloChange "-2"]
[BlackTitle "FM"]
[BlackElo "2307"]
[BlackCountry "ESP"]
[BlackFideId "2281937"]
[BlackEloChange "3"]

1. c4 {[%clk 1:30:59]} Nf6 {[%clk 1:30:35]} 2. Nf3 {[%clk 1:30:44]} e6 {[%clk
1:30:26]} 3. d4 {[%clk 1:28:49]} d5 {[%clk 1:29:49]} 4. Qc2 {[%clk 1:27:26]} a6
{[%clk 1:22:59]} 5. cxd5 {[%clk 1:18:36]} exd5 {[%clk 1:22:37]} 6. Bg5 {[%clk
1:18:14]} Be7 {[%clk 1:22:07]} 7. e3 {[%clk 1:14:47]} Nbd7 {[%clk 1:20:44]} 8.
Nc3 {[%clk 1:12:17]} O-O {[%clk 1:18:26]} 9. Bd3 {[%clk 1:11:02]} h6 {[%clk
1:17:25]} 10. Bh4 {[%clk 1:08:12]} c5 {[%clk 1:15:16]} 11. dxc5 {[%clk 1:06:47]}
Nxc5 {[%clk 1:15:04]} 12. O-O {[%clk 1:06:10]} Nxd3 {[%clk 1:03:39]} 13. Qxd3
{[%clk 1:05:44]} Be6 {[%clk 1:04:04]} 14. Rfd1 {[%clk 1:00:00]} Rc8 {[%clk
1:02:01]} 15. Nd4 {[%clk 0:47:58]} Qb6 {[%clk 0:47:57]} 16. Rab1 {[%clk 0:32:06]}
Rfd8 {[%clk 0:44:54]} 17. h3 {[%clk 0:23:28]} Qd6 {[%clk 0:33:54]} 18. Nce2
{[%clk 0:20:20]} Ne4 {[%clk 0:27:17]} 19. Bxe7 {[%clk 0:20:17]} Qxe7 {[%clk
0:27:43]} 20. Nf4 {[%clk 0:19:45]} Qf6 {[%clk 0:27:07]} 21. Qe2 {[%clk 0:17:47]}
Rc7 {[%clk 0:21:24]} 22. Rbc1 {[%clk 0:16:44]} Rdc8 {[%clk 0:19:41]} 23. Rxc7
{[%clk 0:13:16]} Rxc7 {[%clk 0:20:05]} 24. Qe1 {[%clk 0:10:38]} g5 {[%clk
0:18:44]} 25. Nfe2 {[%clk 0:10:22]} Rc8 {[%clk 0:16:05]} 26. Rc1 {[%clk 0:09:42]}
Rxc1 {[%clk 0:12:55]} 27. Nxc1 {[%clk 0:10:11]} h5 {[%clk 0:10:28]} 28. Nce2
{[%clk 0:09:46]} b5 {[%clk 0:08:11]} 29. f3 {[%clk 0:07:09]} Nd6 {[%clk 0:08:01]}
30. Qg3 {[%clk 0:04:42]} Nf5 {[%clk 0:05:49]} 31. Nxf5 {[%clk 0:04:56]} Bxf5
{[%clk 0:05:21]} 32. h4 {[%clk 0:04:20]} Qxb2 {[%clk 0:04:18]} 33. Nd4 {[%clk
0:02:07]} g4 {[%clk 0:02:37]} 34. Kh2 {[%clk 0:02:01]} Qb1 {[%clk 0:01:55]} 35.
Qe5 {[%clk 0:01:35]} Bg6 {[%clk 0:01:28]} 36. Qxd5 {[%clk 0:01:02]} gxf3 {[%clk
0:01:01]} 37. gxf3 {[%clk 0:01:03]} Qe1 {[%clk 0:01:20]} 38. Qg5 {[%clk 0:00:44]}
Qf2+ {[%clk 0:01:37]} 39. Kh3 {[%clk 0:01:01]} Qxa2 {[%clk 0:01:18]} 40. f4
{[%clk 0:00:54]} Qb1 {[%clk 0:00:52]} 41. Kh2 {[%clk 0:00:52]} Qb2+ {[%clk
0:01:00]} 42. Kg1 {[%clk 0:00:41]} Qc1+ {[%clk 0:01:21]} 43. Kf2 {[%clk 0:00:55]}
Qd2+ {[%clk 0:01:29]} 44. Kf3 {[%clk 0:01:04]} Qd1+ {[%clk 0:01:49]} 45. Kf2
{[%clk 0:01:27]} Qg4 {[%clk 0:01:10]} 46. Qd8+ {[%clk 0:01:36]} Kh7 {[%clk
0:01:36]} 47. Qe7 {[%clk 0:01:58]} Kg7 {[%clk 0:00:38]} 48. Qe5+ {[%clk 0:02:01]}
f6 {[%clk 0:00:45]} 49. Ne6+ {[%clk 0:01:48]} Kf7 {[%clk 0:00:41]} 50. Nd8+
{[%clk 0:02:07]} Kg7 {[%clk 0:00:43]} 51. Qe7+ {[%clk 0:02:19]} Kh6 {[%clk
0:00:36]} 52. Qxf6 {[%clk 0:02:31]} Qd7 {[%clk 0:00:48]} 53. Qh8+ {[%clk
0:01:53]} Qh7 {[%clk 0:01:05]} 54. Qf8+ {[%clk 0:00:43]} Qg7 {[%clk 0:01:31]} 55.
Qd6 {[%clk 0:01:03]} Qb2+ {[%clk 0:01:28]} 56. Kg3 {[%clk 0:01:19]} Qe2 {[%clk
0:01:01]} 57. Nf7+ {[%clk 0:01:31]} Kg7 {[%clk 0:01:13]} 58. Ng5 {[%clk 0:01:10]}
Qxe3+ {[%clk 0:01:32]} 59. Nf3 {[%clk 0:00:49]} Be4 {[%clk 0:00:49]} 60. Qe7+
{[%clk 0:00:22]} Kg8 {[%clk 0:00:49]} 61. Qe8+ {[%clk 0:00:46]} Kg7 {[%clk
0:01:25]} 62. Qe7+ {[%clk 0:00:52]} 1/2-1/2

[Event "CECLUB Segunda División"]
[Site "Linares"]
[Date "2017.08.10"]
[Round "4"]
[White "Jimenez Martinez, Jose Vicente"]
[Black "Garcia Padron, Jose"]
[Result "1-0"]
[Board "3"]
[WhiteTitle "FM"]
[WhiteElo "2222"]
[WhiteCountry "ESP"]
[WhiteFideId "2264021"]
[WhiteEloChange "15"]
[BlackTitle "IM"]
[BlackElo "2432"]
[BlackCountry "ESP"]
[BlackFideId "2200120"]
[BlackEloChange "-8"]

1. d4 {[%clk 1:30:44]} Nf6 {[%clk 1:30:27]} 2. c4 {[%clk 1:31:05]} e6 {[%clk
1:30:49]} 3. Nc3 {[%clk 1:31:05]} d5 {[%clk 1:30:52]} 4. Nf3 {[%clk 1:31:17]} c5
{[%clk 1:26:33]} 5. cxd5 {[%clk 1:31:01]} cxd4 {[%clk 1:22:54]} 6. Qxd4 {[%clk
1:06:45]} exd5 {[%clk 1:21:48]} 7. Bg5 {[%clk 1:04:30]} Be7 {[%clk 1:17:03]} 8.
e3 {[%clk 1:03:53]} Nc6 {[%clk 1:17:26]} 9. Qd1 {[%clk 1:02:42]} h6 {[%clk
1:13:34]} 10. Bh4 {[%clk 0:59:03]} Qb6 {[%clk 0:52:56]} 11. Rb1 {[%clk 0:53:19]}
Qa5 {[%clk 0:39:06]} 12. Rc1 {[%clk 0:50:20]} Qb4 {[%clk 0:35:06]} 13. Qd2 {[%clk
0:42:43]} Be6 {[%clk 0:30:24]} 14. Bb5 {[%clk 0:32:50]} a6 {[%clk 0:29:31]} 15.
a3 {[%clk 0:30:31]} Qa5 {[%clk 0:28:18]} 16. Bxc6+ {[%clk 0:26:38]} bxc6 {[%clk
0:28:41]} 17. Nd4 {[%clk 0:26:40]} Bd7 {[%clk 0:28:55]} 18. O-O {[%clk 0:26:20]}
c5 {[%clk 0:23:58]} 19. Nb3 {[%clk 0:19:25]} Qb6 {[%clk 0:16:13]} 20. Bxf6 {[%clk
0:19:19]} Bxf6 {[%clk 0:16:34]} 21. Qxd5 {[%clk 0:15:18]} Rd8 {[%clk 0:13:32]}
22. Nxc5 {[%clk 0:12:19]} Qxb2 {[%clk 0:07:06]} 23. N3e4 {[%clk 0:08:50]} Be7
{[%clk 0:04:27]} 24. Nxd7 {[%clk 0:08:08]} Rxd7 {[%clk 0:03:43]} 25. Rc8+ {[%clk
0:08:33]} Rd8 {[%clk 0:03:56]} 26. Qc6+ {[%clk 0:05:15]} Kf8 {[%clk 0:04:21]} 27.
Qd7 {[%clk 0:04:56]} Qb6 {[%clk 0:04:38]} 28. Rd1 {[%clk 0:05:19]} 1-0

[Event "CECLUB Segunda División"]
[Site "Linares"]
[Date "2017.08.10"]
[Round "4"]
[White "Bellon Lopez, Juan Manuel"]
[Black "Delgado Alarcon, Jesus Francisco"]
[Result "1-0"]
[Board "4"]
[WhiteTitle "GM"]
[WhiteElo "2319"]
[WhiteCountry "ESP"]
[WhiteFideId "2200031"]
[WhiteEloChange "3"]
[BlackElo "2026"]
[BlackCountry "ESP"]
[BlackFideId "2272369"]
[BlackEloChange "-3"]

1. d4 {[%clk 1:30:56]} f5 {[%clk 1:30:54]} 2. Bf4 {[%clk 1:31:14]} d5 {[%clk
1:29:43]} 3. e3 {[%clk 1:31:37]} Nf6 {[%clk 1:29:48]} 4. Nf3 {[%clk 1:31:59]} e6
{[%clk 1:29:42]} 5. c4 {[%clk 1:31:57]} c6 {[%clk 1:29:40]} 6. Nc3 {[%clk
1:32:22]} Be7 {[%clk 1:25:45]} 7. Bd3 {[%clk 1:32:45]} O-O {[%clk 1:26:05]} 8.
Qc2 {[%clk 1:33:08]} Ne4 {[%clk 1:25:52]} 9. g4 {[%clk 1:33:29]} Na6 {[%clk
1:18:22]} 10. a3 {[%clk 1:33:54]} Qa5 {[%clk 1:12:50]} 11. Ke2 {[%clk 1:34:17]}
Nxc3+ {[%clk 1:01:05]} 12. bxc3 {[%clk 1:34:21]} Nc7 {[%clk 1:00:07]} 13. Ne5
{[%clk 1:24:30]} Ne8 {[%clk 0:55:19]} 14. Rhg1 {[%clk 1:17:43]} Nf6 {[%clk
0:41:59]} 15. gxf5 {[%clk 1:10:49]} exf5 {[%clk 0:41:06]} 16. Bxf5 {[%clk
1:03:20]} dxc4 {[%clk 0:38:54]} 17. Bxh7+ {[%clk 1:00:56]} Nxh7 {[%clk 0:38:32]}
18. Rxg7+ {[%clk 0:56:55]} Kxg7 {[%clk 0:38:45]} 19. Rg1+ {[%clk 0:55:38]} Bg5
{[%clk 0:31:44]} 20. Qg6+ {[%clk 0:44:25]} Kh8 {[%clk 0:32:00]} 21. Bxg5 {[%clk
0:41:56]} Qc7 {[%clk 0:29:53]} 22. Bf6+ {[%clk 0:34:56]} Nxf6 {[%clk 0:29:46]}
23. Qh6+ {[%clk 0:35:22]} Nh7 {[%clk 0:29:43]} 24. Ng6+ {[%clk 0:35:49]} Kg8
{[%clk 0:29:48]} 25. Nxf8+ {[%clk 0:36:06]} 1-0

[Event "CECLUB Segunda División"]
[Site "Linares"]
[Date "2017.08.10"]
[Round "4"]
[White "Suarez Gomez, Julio"]
[Black "Garcia Moreno, Carlos"]
[Result "1-0"]
[Board "1"]
[WhiteTitle "FM"]
[WhiteElo "2474"]
[WhiteCountry "ESP"]
[WhiteFideId "22275991"]
[WhiteEloChange "3"]
[BlackTitle "FM"]
[BlackElo "2311"]
[BlackCountry "ESP"]
[BlackFideId "2274159"]
[BlackEloChange "-6"]

1. d4 {[%clk 1:30:57]} Nf6 {[%clk 1:30:46]} 2. c4 {[%clk 1:31:20]} e6 {[%clk
1:30:59]} 3. Nf3 {[%clk 1:31:40]} b6 {[%clk 1:30:52]} 4. Nc3 {[%clk 1:32:03]} Bb4
{[%clk 1:30:25]} 5. Qc2 {[%clk 1:30:58]} Bb7 {[%clk 1:30:10]} 6. a3 {[%clk
1:31:20]} Bxc3+ {[%clk 1:30:05]} 7. Qxc3 {[%clk 1:31:44]} O-O {[%clk 1:28:31]} 8.
e3 {[%clk 1:32:04]} d6 {[%clk 1:25:58]} 9. Be2 {[%clk 1:30:38]} Nbd7 {[%clk
1:23:38]} 10. b4 {[%clk 1:30:59]} Ne4 {[%clk 1:18:58]} 11. Qc2 {[%clk 1:30:46]}
f5 {[%clk 1:16:20]} 12. Bb2 {[%clk 1:29:21]} Qe7 {[%clk 1:14:54]} 13. O-O {[%clk
1:25:41]} Rf6 {[%clk 0:59:47]} 14. d5 {[%clk 1:22:39]} Rg6 {[%clk 0:56:12]} 15.
Nd4 {[%clk 1:05:38]} exd5 {[%clk 0:33:05]} 16. Nxf5 {[%clk 1:03:57]} Qe6 {[%clk
0:29:47]} 17. Ng3 {[%clk 1:01:59]} Rf8 {[%clk 0:29:17]} 18. Bd3 {[%clk 0:53:46]}
Nxg3 {[%clk 0:23:47]} 19. hxg3 {[%clk 0:52:23]} Rh6 {[%clk 0:23:56]} 20. cxd5
{[%clk 0:51:17]} Bxd5 {[%clk 0:22:24]} 21. e4 {[%clk 0:51:25]} Ba8 {[%clk
0:18:15]} 22. Qxc7 {[%clk 0:43:37]} d5 {[%clk 0:15:45]} 23. f3 {[%clk 0:39:31]}
Rg6 {[%clk 0:13:58]} 24. Rae1 {[%clk 0:39:18]} dxe4 {[%clk 0:12:04]} 25. Bc4
{[%clk 0:39:19]} Bd5 {[%clk 0:12:21]} 26. Rxe4 {[%clk 0:38:44]} Qf7 {[%clk
0:08:03]} 27. Rd1 {[%clk 0:35:28]} Rg5 {[%clk 0:05:51]} 28. Rxd5 {[%clk 0:32:16]}
Rxd5 {[%clk 0:05:07]} 29. Rd4 {[%clk 0:32:41]} 1-0